| 000 | 01020 a2200277 4500 | ||
|---|---|---|---|
| 001 | 63650 | ||
| 005 | 20260407155935.0 | ||
| 008 | 260407a2023 arg spa d | ||
| 003 | AR-UNSa-BCEJYS | ||
| 040 |
_aAR-UNSa-BCEJYS _bspa _cAR-UNSa-BCEJYS |
||
| 080 |
_a658.012.2 _xPlanificación. Programas. Planes. Medidas de apoyo a la planificación( Administración estratégica...) |
||
| 245 | 1 | 0 |
_aDiseñando la propuesta de valor _pCómo crear los productos y servicios que tus clientes están esperando |
| 020 | _a978-84-234-1951-7 | ||
| 250 | _a12a. ed. | ||
| 264 | 1 |
_aBarcelona : _bEdiciones Deusto _c2023 |
|
| 300 |
_axxv, 289 p. _c19 cm. |
||
| 505 | _a1. Lienzo - 2. Diseñar - 3. Probar - 4. Ajustar | ||
| 041 | _aspa | ||
| 942 | _cBK | ||
| 590 | _aniveau_biblio:m niveau_hierar:0 | ||
| 100 | 1 | _aOsterwalder, Alex | |
| 700 | 1 | _aPigneur, Yves | |
| 700 | 1 | _aBernarda, Greg | |
| 700 | 1 | _aSmith, Alan | |
| 856 | 4 | 1 |
_uhttps://www.biblioeco.unsa.edu.ar/pmb/images/libros/L129417.jpg _yImagen de portada _qimage/jpeg |
| 999 |
_c8259 _d8259 |
||